[Event "Bad Zwischenahn"]
[Site "SenWM"]
[Date "2008.11.06"]
[Round "9.8"]
[White "Klundt, Klaus"]
[Black "Klovans, Janis"]
[Result "0-1"]
[WhiteElo "2353"]
[BlackElo "2411"]
[PlyCount "72"]
[EventDate "2008.??.??"]
[WhiteTeam "SK Burgsinn"]
[BlackTeam "Enger-Spenge"]

1. e4 c5 2. Nf3 Nc6 3. d4 cxd4 4. Nxd4 Nf6 5. Nc3 d6 6. Bc4 e6 7. Be3 Qc7 8.
Qe2 a6 9. Bb3 Na5 10. g4 b5 11. g5 Nd7 12. f4 Nc5 13. f5 b4 14. Na4 Naxb3 15.
axb3 Nxa4 16. Rxa4 e5 17. Nf3 Qb7 18. Nd2 Bxf5 19. O-O Bd7 20. Qf3 Bxa4 21.
bxa4 Rc8 22. b3 Rxc2 23. Nc4 Rxc4 24. bxc4 b3 25. a5 b2 26. Bb6 Qd7 27. Qf5 Qe6
28. Qxe6+ fxe6 29. Rb1 Be7 30. Be3 Bd8 31. Rxb2 Bxa5 32. Ra2 Bc7 33. Rxa6 Kd7
34. c5 d5 35. c6+ Kd6 36. Bc1 Kc5 0-1

[Event "Bad Zwischenahn"]
[Site "SenWM"]
[Date "2008.11.06"]
[Round "9.10"]
[White "Altshul, Raffael"]
[Black "Rotstein, Efim"]
[Result "0-1"]
[WhiteElo "2341"]
[BlackElo "2382"]
[PlyCount "56"]
[EventDate "2008.??.??"]
[BlackTeam "Köln-Brück"]

1. e4 c5 2. Nf3 e6 3. d4 cxd4 4. Nxd4 Nf6 5. Nc3 d6 6. Be3 a6 7. Qd2 b5 8. f3
Bb7 9. O-O-O Be7 10. g4 Nc6 11. h4 Rc8 12. Kb1 Nd7 13. g5 Nce5 14. Qf2 Qc7 15.
h5 Nc5 16. Nb3 Nxb3 17. axb3 O-O 18. Bh3 b4 19. Na4 Nxf3 20. Qxf3 Qxc2+ 21. Ka2
Bxe4 22. Qg3 Rc3 23. Nxc3 bxc3 24. Qf2 Qxf2 25. Bxf2 c2 26. Rde1 Bxh1 27. Rxh1
Bxg5 28. b4 Rc8 0-1

[Event "Bad Zwischenahn"]
[Site "SenWM"]
[Date "2008.11.06"]
[Round "9.11"]
[White "Gutman, Lev"]
[Black "Clemens, Christian Dr"]
[Result "1-0"]
[WhiteElo "2485"]
[BlackElo "2283"]
[PlyCount "50"]
[EventDate "2008.??.??"]
[WhiteTeam "SC Melle"]
[BlackTeam "Braunschweiger Schachclub  Glies"]

1. Nf3 f5 2. g3 Nf6 3. Bg2 e6 4. O-O Be7 5. d3 O-O 6. Nc3 d5 7. e4 dxe4 8. dxe4
Qxd1 9. Rxd1 fxe4 10. Ng5 e3 11. f4 Nc6 12. a3 Bc5 13. Re1 Nd4 14. Na4 Nxc2 15.
Re2 Rd8 16. Nxc5 Rd1+ 17. Bf1 Nxa1 18. Bxe3 b6 19. Ncxe6 Ba6 20. Kg2 Nd5 21.
Bd4 Nb3 22. Bxg7 Nc1 23. Re1 Bxf1+ 24. Kxf1 Ne3+ 25. Kf2 Ng4+ {usw.} 1-0

[Event "SenWM"]
[Site "Bad Zwischenahn"]
[Date "2008.10.28"]
[Round "1"]
[White "Donchenko, Anatoli"]
[Black "Mahrous, Mohamed Adel"]
[Result "1-0"]
[WhiteElo "2373"]
[BlackElo "2036"]
[PlyCount "87"]
[EventDate "2008.??.??"]
[WhiteTeam "SK 1858 Gießen"]
[BlackTeam "Kairo"]

1. d4 Nf6 2. c4 d5 3. cxd5 Qxd5 4. Nc3 Qa5 5. Nf3 Bf5 6. Ne5 c6 7. Qb3 Qb6 8.
Qxf7+ Kd8 9. Qc4 Bg6 10. g3 Nbd7 11. Nxg6 hxg6 12. Bg2 e5 13. dxe5 Nxe5 14. Qe6
Nfg4 15. O-O Bc5 16. Ne4 Re8 17. Qb3 Qxb3 18. axb3 Be7 19. Bf4 g5 20. Nxg5 Bxg5
21. Bxg5+ Nf6 22. Ra5 Kc7 23. Bf4 Nfd7 24. Bh3 Kb6 25. Rfa1 a6 26. R5a4 Rad8
27. Rd4 Rh8 28. Bxd7 Ng4 29. Bxg4 Rxd4 30. Be3 c5 31. Bxd4 cxd4 32. Rc1 Rd8 33.
Bf5 Ka5 34. Rc4 b5 35. b4+ Kb6 36. Rc8 Rd6 37. Bd3 Kb7 38. Rg8 Rd7 39. h4 Rc7
40. h5 Kb6 41. g4 Rf7 42. Kg2 Re7 43. f4 Ka7 44. g5 1-0

[Event "SenWM"]
[Site "Bad Zwischenahn"]
[Date "2008.10.28"]
[Round "1.22"]
[White "Vaitonis, Vytautas"]
[Black "Bakhmatov, Eduard"]
[Result "*"]
[WhiteElo "2036"]
[BlackElo "2370"]
[PlyCount "43"]
[EventDate "2008.??.??"]
[BlackTeam "SV Hattingen"]

1. d4 Nf6 2. c4 d6 3. Nc3 e5 4. Nf3 Nbd7 5. e3 g6 6. g3 Bg7 7. Bg2 O-O 8. O-O
Re8 9. b3 c6 10. Bb2 e4 11. Nd2 d5 12. Rc1 a6 13. Qc2 Rb8 14. Ndb1 Nb6 15. c5
Nbd7 16. Rce1 Bh6 17. Bc1 Nf8 18. h3 Bf5 19. Kh2 Ne6 20. Qd1 Qc7 21. Ne2 Ng5
22. Kg1 *

[Event "SenWM"]
[Site "Bad Zwischenahn"]
[Date "2008.10.29"]
[Round "2.5"]
[White "Butnorius, Algimantas"]
[Black "Villing, Dieter"]
[Result "*"]
[WhiteElo "2438"]
[BlackElo "2193"]
[PlyCount "34"]
[EventDate "2008.??.??"]
[WhiteTeam "Vilnius"]
[BlackTeam "SK1962 Ladenburg"]

1. d4 d6 2. Nf3 Bg4 3. g3 Nd7 4. Bg2 e5 5. c4 Ngf6 6. Nc3 c6 7. O-O Be7 8. Be3
O-O 9. Qc2 Qc7 10. Rac1 Rac8 11. Rfd1 a6 12. Nh4 Rfe8 13. h3 Bh5 14. Qb1 Qb8
15. b4 Bf8 16. a4 exd4 17. Bxd4 Ne5 *

[Event "SenWM"]
[Site "Bad Zwischenahn"]
[Date "2008.10.30"]
[Round "3.151"]
[White "Müller, Dieter"]
[Black "Kraemer, Franz Josef"]
[Result "1/2-1/2"]
[WhiteElo "1478"]
[BlackElo "1866"]
[PlyCount "37"]
[EventDate "2008.??.??"]
[WhiteTeam "Post Halle"]
[BlackTeam "SC Bad Orb"]

1. Nf3 Nf6 2. g3 d5 3. c4 d4 4. b4 Bg4 5. Bg2 c6 6. Qb3 Bxf3 7. Bxf3 e5 8. d3
Be7 9. Nd2 Na6 10. a3 Qd7 11. O-O O-O 12. Ne4 Nxe4 13. Bxe4 f5 14. Bg2 Qe6 15.
Rb1 Rac8 16. Re1 f4 17. Bd2 Bg5 18. Qb2 fxg3 19. hxg3 1/2-1/2

[Event "SenWM"]
[Site "Bad Zwischenahn"]
[Date "2008.11.01"]
[Round "5"]
[White "Arkhangelsky, Boris"]
[Black "Nielsen, Peter"]
[Result "1-0"]
[WhiteElo "2327"]
[BlackElo "1561"]
[PlyCount "51"]
[EventDate "2008.??.??"]
[BlackTeam "Individual member DSU"]

1. d4 c5 2. d5 d6 3. c4 Nf6 4. Nc3 g6 5. e4 Bg7 6. Bd3 O-O 7. h3 e6 8. Nf3 exd5
9. cxd5 Re8 10. O-O a6 11. a4 Nbd7 12. Bf4 Ne5 13. Nxe5 dxe5 14. Be3 Qd6 15.
Qd2 Nh5 16. a5 Bd7 17. Rfc1 Rac8 18. Na4 Bxa4 19. Rxa4 Rc7 20. Rac4 Rec8 21.
Qc2 Bf8 22. b4 Ng7 23. Bf1 cxb4 24. Rxc7 b3 25. Rxc8 bxc2 26. R1xc2 1-0